|
|
|
|
| LEADER |
01816nam a2200457Ia 4500 |
| 001 |
EBC3138092 |
| 003 |
MiAaPQ |
| 005 |
20200520144314.0 |
| 006 |
m o d | |
| 007 |
cr cn||||||||| |
| 008 |
080827s2009 nyuab sb 001 0 eng d |
| 010 |
|
|
|z 2008038071
|
| 020 |
|
|
|z 9780801447211
|
| 020 |
|
|
|z 0801447216
|
| 020 |
|
|
|z 9780801474620
|
| 020 |
|
|
|z 0801474620
|
| 035 |
|
|
|a (MiAaPQ)EBC3138092
|
| 035 |
|
|
|a (Au-PeEL)EBL3138092
|
| 035 |
|
|
|a (CaPaEBR)ebr10457714
|
| 035 |
|
|
|a (OCoLC)726824363
|
| 040 |
|
|
|a MiAaPQ
|c MiAaPQ
|d MiAaPQ
|
| 050 |
|
4 |
|a HT392
|b .P37 2009
|
| 082 |
0 |
4 |
|a 307.1/20973
|2 22
|
| 100 |
1 |
|
|a Pastor, Manuel,
|d 1956-
|
| 245 |
1 |
0 |
|a This could be the start of something big
|h [electronic resource] :
|b how social movements for regional equity are reshaping metropolitan America /
|c Manuel Pastor Jr., Chris Benner, and Martha Matsuoka.
|
| 260 |
|
|
|a Ithaca :
|b Cornell University Press,
|c 2009.
|
| 300 |
|
|
|a xiii, 255 p. :
|b ill., maps.
|
| 504 |
|
|
|a Includes bibliographical references and index.
|
| 533 |
|
|
|a Electronic reproduction. Ann Arbor, MI : ProQuest, 2015. Available via World Wide Web. Access may be limited to ProQuest affiliated libraries.
|
| 650 |
|
0 |
|a Regional planning
|x Social aspects
|z United States.
|
| 650 |
|
0 |
|a Regionalism
|x Social aspects
|z United States.
|
| 650 |
|
0 |
|a Regional disparities
|z United States.
|
| 650 |
|
0 |
|a Community development, Urban
|z United States.
|
| 650 |
|
0 |
|a Community organization
|z United States.
|
| 650 |
|
0 |
|a Metropolitan areas
|z United States.
|
| 650 |
|
0 |
|a Social movements
|z United States.
|
| 655 |
|
4 |
|a Electronic books.
|
| 700 |
1 |
|
|a Benner, Chris.
|
| 700 |
1 |
|
|a Matsuoka, Martha,
|d 1961-
|
| 710 |
2 |
|
|a ProQuest (Firm)
|
| 856 |
4 |
0 |
|u https://ebookcentral.proquest.com/lib/matrademy/detail.action?docID=3138092
|z Click to View
|